[Event "33rd ECCC Open 2017"]
[Site "Antalya"]
[Date "2017.10.12"]
[Round "5"]
[White "Thorarinsson, Pall A"]
[Black "Makolli, Perparim"]
[Result "1-0"]
[WhiteElo "2273"]
[BlackElo "2333"]
[Annotator "NA"]
[PlyCount "55"]
[EventType "team-tourn"]
[EventCountry "TUR"]
[SourceTitle "playchess.com"]
[Source "ChessBase"]
[SourceQuality "1"]
[WhiteTeam "Viking"]
[BlackTeam "Hasan Pristina"]
[TimeControl "40/5400+30:1800+30"]

1. c4 {[%emt 0:00:30]} c5 {[%emt 0:05:00]} 2. Nf3 {[%emt 0:00:30]} Nc6 {[%emt 0:00:30]} 3. d4 {[%emt 0:03:30]} cxd4 {[%emt 0:02:30]} 4. Nxd4 {[%emt 0:00:00]} Nf6 {[%emt 0:00:00]} 5. Nc3 {[%emt 0:02:00]} e6 {[%emt 0:02:00]} 6. Ndb5 {[%emt 0:03:30]} d6 {[%emt 0:12:30]} 7. Bf4 {[%emt 0:09:30]} e5 {[%emt 0:03:30]} 8. Bg5 {[%emt 0:02:30]} a6 {[%emt 0:00:30]} 9. Bxf6 {[%emt 0:00:30]} gxf6 {[%emt 0:00:30]} 10. Na3 {[%emt 0:00:30] LiveBook: 61 Games} Be6 {[%emt 0:01:30] A33: Symmetrical English: 2 Nf3 Nf6 3 d4 cxd4 4 Nxd4 e6 5 Nc3 Nc6} (10... f5 11. Qd2 Be6 12. Rd1 Bg7 13. e3 O-O 14. Be2 Qa5 15. Nd5 Qxd2+ 16. Rxd2 e4 17. O-O Bxd5 18. cxd5 Ne5 {½-½ (35) Shimanov,A (2625)-Grigoryan,K (2595) Katowice 2014}) 11. g3 {[%emt 0:08:30]} Qb6 {[%emt 0:05:30]} 12. Qd2 {[%emt 0:04:30]} h5 {[%emt 0:06:30]} 13. Bg2 {[%emt 0:03:30]} f5 {[%emt 0:02:30]} (13... h4 $11) 14. Nd5 $146 {[%emt 0:09:30]} ({Predecessor:} 14. Bd5 Bh6 15. e3 Ke7 16. O-O-O Rad8 17. Bf3 e4 18. Bxh5 {½-½ (46) Ollek,K (1690)-Szczepaniec,S (2072) Rowy 2003}) 14... Bxd5 {[%emt 0:05:30]} 15. cxd5 {[%emt 0:00:30]} Nb8 {[%emt 0:12:30]} 16. Bh3 {[%emt 0:12:30]} h4 {[%emt 0:03:30]} 17. Rc1 {[%emt 0:05:30]} Nd7 {[%emt 0:03:30]} 18. Nc4 {[%emt 0:06:30]} Qa7 $18 {[%emt 0:08:30]} 19. Bxf5 {[%emt 0:08:26]} b5 {[%emt 0:02:30]} 20. Bxd7+ {[%emt 0:13:40]} Kxd7 {[%emt 0:00:30]} 21. Ne3 {[%emt 0:00:40]} hxg3 {[%emt 0:00:30]} 22. fxg3 {[%emt 0:00:00]} Bh6 {[%emt 0:01:30]} 23. Rc3 {[%emt 0:00:00]} f5 {[%emt 0:08:56]} 24. Qc2 {[%emt 0:01:08]} Bxe3 {[%emt 0:10:30]} 25. Qxf5+ {[%emt 0:00:06]} Ke7 {[%emt 0:00:23]} 26. Qe6+ {[%emt 0:00:39]} Kf8 {[%emt 0:00:08]} 27. Rf1+ {[%emt 0:00:23]} Kg7 {[%emt 0:00:17]} 28. Rxe3 {[%emt 0:00:53]} 1-0

[Event "33rd ECCC Open 2017"]
[Site "Antalya"]
[Date "2017.10.13"]
[Round "5"]
[White "Dinev, Dejan"]
[Black "Georgescu, Tiberiu-Marian"]
[Result "1-0"]
[WhiteElo "2271"]
[BlackElo "2459"]
[Annotator "TA"]
[PlyCount "125"]
[EventType "team-tourn"]
[EventCountry "TUR"]
[SourceTitle "playchess.com"]
[Source "ChessBase"]
[SourceQuality "1"]
[WhiteTeam "Asseco See"]
[BlackTeam "Baia Mare"]

{[%evp 9,125,-12,-6,-12,-6,-19,-16,-24,-10,-15,-14,-16,0,-16,-18,-11,-14,-26,-20,-39,-19,-36,12,20,13,0,0,-20,0,0,-7,-15,0,-12,0,-18,0,0,0,0,0,0,0,0,29,41,65,20,25,8,25,17,17,18,27,0,0,0,40,0,42,59,64,43,43,48,53,22,23,0,0,-14,-14,-15,-18,-19,0,0,0,-186,-174,-106,-13,-22,-10,-7,0,0,0,0,0,0,0,-6,0,0,0,0,0,0,0,0,25,0,12842,12842,12845,0,0,0,12845,12845,12846,12846,12847,12847,12848,12848]} 1. d4 Nf6 2. Nf3 d5 3. e3 c5 4. Bd3 Nc6 5. O-O Bg4 6. c3 {D04: Colle System} e6 7. h3 Bh5 8. Nbd2 {The position is equal.} cxd4 9. exd4 Bd6 10. Re1 $1 Qc7 11. a4 (11. Nf1 O-O 12. Bg5 Rab8 13. Qe2 Rfe8 14. Qe3 Bg6 15. Ne5 Nxe5 16. dxe5 {½-½ (48) Bocharov,I (2534)-Ovetchkin,R (2540) Cheliabinsk 2017}) 11... O-O 12. Nf1 Rae8 13. Bg5 Nd7 14. Bh4 f5 $146 ({Predecessor:} 14... Bg6 15. Bxg6 hxg6 16. Bg3 Nf6 17. Bxd6 Qxd6 {½-½ (47) Chinguun,S (2067)-Gutsko,A (2219) Malinska 2015}) 15. g4 Bg6 16. Ng5 Nd8 $1 17. gxf5 Bxf5 18. Bxf5 Rxf5 19. Qd3 ({Much weaker is} 19. Qh5 Nf6 $17) 19... g6 20. Ne3 Rff8 21. Ng4 Kg7 22. Kg2 Rf5 23. Ne3 Rf4 24. Bg3 Rff8 $1 25. Re2 Nf6 26. Ng4 Nxg4 27. hxg4 Qe7 28. Nf3 Bxg3 29. fxg3 Rf6 30. Rae1 Ref8 31. Re3 h6 32. R1e2 Nf7 33. Qb5 Rd8 34. b4 Nd6 (34... a6 {is more complex.} 35. Qd3 Rf8 36. Qd1 b6 37. Qe1 Re8) 35. Qxd5 {[%cal Re3e6]} Nf5 $1 {[%cal Rf5e3]} 36. Rxe6 Rxd5 37. Rxe7+ Nxe7 38. Rxe7+ $14 {[%mdl 4096] Endgame KRR-KRN} Rf7 39. Re6 Rc7 40. a5 Rxc3 41. Re7+ Kf6 42. Rxb7 Rc2+ 43. Kh3 $1 Rc3 44. Ne5 $2 (44. Kg2 $1 $11) 44... Rxd4 $19 45. Nd7+ {[#]} Ke6 ({Black should play} 45... Ke7 $1 $17 46. Ne5+ Kd6 47. Nf7+ Ke6 48. Nxh6 Rd7) 46. Nf8+ $11 Kd5 47. Nxg6 a6 48. b5 axb5 49. Rxb5+ Kd6 50. Nh4 {Strongly threatening Nf5+.} Rd1 51. Nf5+ Ke6 {Threatens to win with ...Rc2.} 52. Nxh6 Rh1+ 53. Kg2 Ra1 54. g5 Rc6 55. g6 {aiming for g7.} Kf6 56. Ng4+ Kg7 $2 {[%mdl 8192]} (56... Ke7 $11) 57. Rb7+ $18 Kf8 58. Rb8+ Kg7 59. Rb7+ Kf8 60. Rf7+ {White is clearly winning.} Ke8 61. Nf6+ Rxf6 62. Rxf6 {g7 would kill now.} Ke7 {[#]} 63. g7 $1 {[%mdl 512] Precision: White = 66%, Black = 53%.} 1-0

[Event "33rd ECCC Open 2017"]
[Site "Antalya"]
[Date "2017.10.12"]
[Round "5"]
[White "Apaydin, Fethi"]
[Black "Nalbant, Tuna Onat"]
[Result "1/2-1/2"]
[WhiteElo "2262"]
[BlackElo "2034"]
[Annotator "NA"]
[PlyCount "120"]
[EventType "team-tourn"]
[EventCountry "TUR"]
[SourceTitle "playchess.com"]
[Source "ChessBase"]
[SourceQuality "1"]
[WhiteTeam "Besiktas"]
[BlackTeam "Karaman"]
[TimeControl "40/5400+30:1800+30"]

1. e4 {[%emt 0:00:30]} c5 {[%emt 0:01:00]} 2. Nc3 {[%emt 0:00:30]} Nc6 {[%emt 0:00:30]} 3. g3 {[%emt 0:00:30]} g6 {[%emt 0:00:30]} 4. Bg2 {[%emt 0:00:30]} Bg7 {[%emt 0:00:30]} 5. d3 {[%emt 0:00:30]} d6 {[%emt 0:00:30]} 6. f4 {[%emt 0:00:30]} e6 {[%emt 0:00:30]} 7. Nf3 {[%emt 0:00:30]} Nge7 {[%emt 0:00:30]} 8. Be3 {[%emt 0:00:30]} Nd4 {[%emt 0:00:30]} 9. O-O {[%emt 0:00:30]} O-O {[%emt 0:00:30]} 10. Rb1 {[%emt 0:00:30]} Rb8 {[%emt 0:00:30]} 11. Ne2 {[%emt 0:00:00]} Nxf3+ {[%emt 0:00:00]} 12. Bxf3 {[%emt 0:00:00]} b6 {[%emt 0:00:00]} 13. c4 {[%emt 0:20:30] B25: Closed Sicilian: 3 g3, lines without early Be3} d5 {[%emt 0:16:30]} 14. a3 {[%emt 0:05:30]} Bb7 {[%emt 0:08:30]} 15. Qc2 $146 {[%emt 0:06:30]} ({Predecessor:} 15. b4 d4 16. Bd2 Qd7 17. g4 f5 18. Ng3 Bc6 19. b5 Bb7 20. Qe2 Rbe8 {½-½ (20) Bastian,H (2375)-Kavalek,L (2560) Hannover 1983}) 15... d4 {[%emt 0:10:30]} 16. Bd2 {[%emt 0:10:30]} f5 {[%emt 0:01:30]} 17. e5 {[%emt 0:00:30]} Bxf3 {[%emt 0:10:30]} 18. Rxf3 {[%emt 0:00:30]} Qd7 {[%emt 0:00:00]} 19. h4 {[%emt 0:15:30]} b5 {[%emt 0:07:00]} 20. b4 {[%emt 0:09:30]} bxc4 {[%emt 0:09:30]} 21. dxc4 {[%emt 0:01:30]} Qc6 {[%emt 0:04:30]} 22. Rd3 {[%emt 0:07:28]} Rfd8 {[%emt 0:10:01]} 23. Be1 {[%emt 0:09:29]} Qe4 {[%emt 0:01:01]} 24. Bf2 {[%emt 0:03:26]} a5 {[%emt 0:10:06]} 25. b5 {[%emt 0:00:30]} a4 {[%emt 0:00:37]} 26. Re1 {[%emt 0:01:57]} Qa8 {[%emt 0:00:11]} 27. Nc1 {[%emt 0:00:22]} Nc8 {[%emt 0:00:51]} 28. Rdd1 {[%emt 0:01:07]} Nb6 {[%emt 0:00:40]} 29. Nd3 {[%emt 0:00:15]} Bf8 {[%emt 0:00:00]} 30. Rc1 {[%emt 0:00:34]} Qf3 {[%emt 0:01:11]} 31. Rf1 {[%emt 0:00:53]} h5 {[%emt 0:01:09]} 32. Be1 {[%emt 0:01:22]} Qa8 {[%emt 0:01:20]} 33. Bd2 {[%emt 0:00:23]} Rd7 {[%emt 0:01:17]} 34. Qd1 {[%emt 0:00:38]} Ra7 {[%emt 0:00:16]} 35. Qe2 {[%emt 0:00:39]} Qe4 {[%emt 0:00:30]} 36. Rfe1 {[%emt 0:01:23]} Qxe2 {[%emt 0:00:52]} 37. Rxe2 {[%emt 0:00:04]} Be7 {[%emt 0:00:27]} 38. Kg2 {[%emt 0:00:25]} Kf7 {[%emt 0:00:35]} 39. Nb2 {[%emt 0:00:15]} Bf8 {[%emt 0:01:21]} 40. Ree1 {[%emt 0:00:00]} Ke8 {[%emt 0:31:04]} 41. Red1 {[%emt 0:01:50]} Be7 {[%emt 0:00:00]} 42. Be1 {[%emt 0:00:30]} Rd8 {[%emt 0:00:00]} 43. Nd3 {[%emt 0:00:30]} Bf8 {[%emt 0:00:00]} 44. Bf2 {[%emt 0:00:30]} Rc7 {[%emt 0:00:00]} 45. Ne1 {[%emt 0:00:30]} Be7 {[%emt 0:00:00]} 46. Nf3 {[%emt 0:00:00]} Rdc8 {[%emt 0:00:00]} 47. Rc2 {[%emt 0:01:00]} Kf8 {[%emt 0:00:00]} 48. Be1 {[%emt 0:02:30]} Ra7 {[%emt 0:00:00]} 49. Kf1 {[%emt 0:00:30]} Ke8 {[%emt 0:00:00]} 50. Ke2 {[%emt 0:00:30]} Kf8 {[%emt 0:00:00]} 51. Kd3 {[%emt 0:00:30]} Ke8 {[%emt 0:00:00]} 52. Bd2 {[%emt 0:00:30]} Kf8 {[%emt 0:00:00]} 53. Be1 {[%emt 0:00:30]} Ke8 {[%emt 0:00:00]} 54. Kd2 {[%emt 0:00:30]} Kf8 {[%emt 0:00:00]} 55. Kc1 {[%emt 0:00:00]} Ke8 {[%emt 0:00:00]} 56. Kb2 {[%emt 0:01:00]} Kf8 {[%emt 0:00:00]} 57. Ka2 {[%emt 0:00:00]} Ke8 {[%emt 0:00:00]} 58. Rdc1 $14 {[%emt 0:01:00]} Kf7 {[%emt 0:00:00]} 59. Bf2 {[%emt 0:02:30]} Rac7 {[%emt 0:00:00]} 60. Rd1 {[%emt 0:04:30]} Rd7 {[%emt 0:00:00]} 1/2-1/2

[Event "33rd ECCC Open 2017"]
[Site "Antalya"]
[Date "2017.10.12"]
[Round "5"]
[White "Aleksic, Nenad C"]
[Black "Kristensen, Kaare Hove"]
[Result "0-1"]
[WhiteElo "2261"]
[BlackElo "2331"]
[Annotator "NA"]
[PlyCount "46"]
[EventType "team-tourn"]
[EventCountry "TUR"]
[SourceTitle "playchess.com"]
[Source "ChessBase"]
[SourceQuality "1"]
[WhiteTeam "Elektroprivreda"]
[BlackTeam "Nordkalotten"]
[TimeControl "40/5400+30:1800+30"]

1. Nf3 {[%emt 0:00:30]} d5 {[%emt 0:01:00]} 2. d4 {[%emt 0:01:30]} Nf6 {[%emt 0:05:30]} 3. Bf4 {[%emt 0:00:30]} c5 {[%emt 0:02:30]} 4. e3 {[%emt 0:00:30]} Nc6 {[%emt 0:01:30]} 5. Be2 {[%emt 0:00:30]} g6 {[%emt 0:02:30]} 6. O-O {[%emt 0:02:30]} Bg7 {[%emt 0:00:00]} 7. Nc3 {[%emt 0:06:30]} cxd4 {[%emt 0:07:00]} 8. exd4 {[%emt 0:01:30]} O-O {[%emt 0:00:30]} 9. Ne5 {[%emt 0:05:30]} Nd7 {[%emt 0:09:30] D00: 1 d4 d5: Unusual lines} (9... Qb6 10. Nxc6 Qxc6 11. Be5 Bf5 12. Bd3 Bxd3 13. Qxd3 Rac8 14. a4 Ne4 15. Bxg7 Kxg7 16. Ra3 Nxc3 17. bxc3 b6 {0-1 (43) Bareev,E (2634)-Polgar,J (2680) Moscow 2009}) 10. Nxd5 {[%emt 0:08:30]} Ndxe5 {[%emt 0:01:30]} 11. dxe5 {[%emt 0:00:30]} Be6 {[%emt 0:04:30]} 12. Ne3 {[%emt 0:05:30]} Nxe5 {[%emt 0:01:30]} 13. c3 {[%emt 0:00:30]} Qc7 $146 {[%emt 0:16:30]} ({Predecessor:} 13... Qxd1 14. Rfxd1 Rfd8 15. b3 Nc6 16. Rac1 Rxd1+ 17. Nxd1 {0-1 (53) Alsheimer,C (2214)-Hilverda,A (2219) Bayern 2013}) 14. Qc2 {[%emt 0:07:30]} Qc6 {[%emt 0:02:30]} 15. Rfd1 {[%emt 0:03:30]} Rfd8 {[%emt 0:01:30]} 16. Rxd8+ {[%emt 0:05:30]} Rxd8 {[%emt 0:00:30]} 17. Rd1 {[%emt 0:00:00]} Rc8 {[%emt 0:01:30]} 18. b3 {[%emt 0:06:00]} b5 {[%emt 0:00:30]} 19. Qd2 {[%emt 0:01:30]} Qe4 {[%emt 0:12:30]} 20. Bxe5 {[%emt 0:08:30]} Qxe5 {[%emt 0:04:30]} 21. c4 {[%emt 0:00:30]} bxc4 {[%emt 0:03:30]} 22. Bxc4 {[%emt 0:00:00]} Bh6 {[%emt 0:03:21]} 23. Ng4 $19 {[%emt 0:03:00]} (23. Bxe6 $11 {und Weiss steht sicher.} Qxe6 24. Re1) 23... Bxg4 {[%emt 0:02:30]} 0-1

[Event "33rd ECCC Open 2017"]
[Site "Antalya"]
[Date "2017.10.12"]
[Round "5"]
[White "Dedebas, Emre Emin"]
[Black "Bryn, Askild"]
[Result "1/2-1/2"]
[WhiteElo "2253"]
[BlackElo "2060"]
[Annotator "NA"]
[PlyCount "112"]
[EventType "team-tourn"]
[EventCountry "TUR"]
[SourceTitle "playchess.com"]
[Source "ChessBase"]
[SourceQuality "1"]
[WhiteTeam "Oslo"]
[BlackTeam "Valerenga"]
[TimeControl "40/5400+30:1800+30"]

1. Nf3 {[%emt 0:00:30]} d5 {[%emt 0:01:00]} 2. d4 {[%emt 0:00:30]} Nf6 {[%emt 0:00:30]} 3. c4 {[%emt 0:00:30]} e6 {[%emt 0:00:30]} 4. Nc3 {[%emt 0:00:00]} c6 {[%emt 0:02:30]} 5. e3 {[%emt 0:00:00]} Be7 {[%emt 0:00:00]} 6. b3 {[%emt 0:06:30]} Qa5 {[%emt 0:04:00] D45: Semi-Slav: 5 e3} (6... O-O 7. Bd3 Nbd7 8. O-O b6 9. Qe2 Bb7 10. Rd1 Re8 11. e4 dxe4 12. Nxe4 c5 13. Bb2 Qc7 14. dxc5 bxc5 15. Rd2 Qf4 16. Rad1 Nxe4 17. Bxe4 Qxe4 18. Qxe4 Bxe4 19. Rxd7 {½-½ (59) Narciso Dublan,M (2525)-Zambrana,O (2458) La Massana 2008}) 7. Bd2 {[%emt 0:00:30]} Bb4 {[%emt 0:00:00]} 8. Qc2 {[%emt 0:01:30]} Nbd7 {[%emt 0:01:00]} 9. Bd3 {[%emt 0:02:30]} e5 $146 {[%emt 0:04:30]} ({Predecessor:} 9... O-O 10. O-O dxc4 11. bxc4 b5 12. a3 bxc4 13. Bxc4 Bxc3 14. Bxc3 Qh5 15. Be2 {1-0 (31) Ondrejat,M (2048)-Krasny,D (1897) Rakovnik 2011}) 10. dxe5 {[%emt 0:32:30]} dxc4 {[%emt 0:02:30]} 11. exf6 {[%emt 0:00:30]} cxd3 {[%emt 0:00:30]} 12. fxg7 {[%emt 0:01:30]} Rg8 {[%emt 0:01:30]} 13. Qxd3 {[%emt 0:00:00]} Rxg7 {[%emt 0:00:30]} 14. Ne4 {[%emt 0:11:00]} Nc5 {[%emt 0:12:30]} 15. Nxc5 {[%emt 0:14:30]} Bxd2+ {[%emt 0:00:00]} 16. Qxd2 {[%emt 0:04:30]} Qxc5 {[%emt 0:00:00]} 17. g3 {[%emt 0:00:30]} Bg4 {[%emt 0:04:30]} 18. Qd4 {[%emt 0:04:35]} Qxd4 {[%emt 0:01:30]} 19. Nxd4 {[%emt 0:00:05]} c5 {[%emt 0:01:30]} 20. h3 {[%emt 0:04:59]} Bd7 {[%emt 0:04:30]} 21. Nc2 {[%emt 0:01:20]} Bc6 {[%emt 0:05:30]} 22. O-O {[%emt 0:03:37]} f5 {[%emt 0:06:30]} 23. Rfd1 {[%emt 0:00:44]} Bf3 {[%emt 0:03:30]} 24. Rd2 {[%emt 0:00:15]} Rd8 {[%emt 0:00:30]} 25. Rxd8+ {[%emt 0:00:30]} Kxd8 {[%emt 0:00:00]} 26. Ne1 {[%emt 0:01:29]} Be2 {[%emt 0:00:00]} 27. Rc1 {[%emt 0:01:50]} b6 {[%emt 0:02:30]} 28. Rc2 {[%emt 0:00:07]} Ba6 {[%emt 0:00:30]} 29. Rd2+ {[%emt 0:02:38]} Kc7 {[%emt 0:00:30]} 30. Rd5 {[%emt 0:02:53]} Rf7 {[%emt 0:01:30]} 31. f4 {[%emt 0:00:12]} Bb7 {[%emt 0:00:30]} 32. Rd2 {[%emt 0:00:07]} a5 {[%emt 0:01:30]} 33. Kf2 {[%emt 0:00:11]} h5 {[%emt 0:00:30]} 34. Nf3 {[%emt 0:00:26]} Rf8 {[%emt 0:05:30]} 35. Ne5 {[%emt 0:00:16]} Bc8 {[%emt 0:00:30]} 36. Kf3 {[%emt 0:01:12]} Bb7+ {[%emt 0:00:30]} 37. Ke2 {[%emt 0:00:30]} Bc8 {[%emt 0:00:30]} 38. Nf3 {[%emt 0:03:00]} Bd7 {[%emt 0:00:30]} 39. Ng5 {[%emt 0:00:29]} a4 {[%emt 0:01:30]} 40. Kd3 {[%emt 0:00:00]} axb3 {[%emt 0:00:30]} 41. axb3 {[%emt 0:02:35]} Ra8 {[%emt 0:03:30]} 42. Kc3 {[%emt 0:16:18]} Ra1 {[%emt 0:01:30]} 43. Nh7 {[%emt 0:00:23]} Be6 {[%emt 0:00:30]} 44. Nf6 {[%emt 0:00:11]} Rb1 {[%emt 0:01:30]} 45. Rb2 {[%emt 0:00:44]} Re1 {[%emt 0:15:30]} 46. Kd3 {[%emt 0:01:32]} Rh1 {[%emt 0:05:30]} 47. g4 {[%emt 0:03:32]} hxg4 {[%emt 0:02:30]} 48. hxg4 {[%emt 0:00:35]} fxg4 {[%emt 0:00:30]} 49. Ke4 $1 {[%emt 0:02:47]} g3 {[%emt 0:01:30]} 50. Rg2 {[%emt 0:01:35]} Rh3 {[%emt 0:01:30]} 51. b4 {[%emt 0:01:10]} cxb4 {[%emt 0:16:57]} 52. Nd5+ {[%emt 0:00:05]} Kd6 {[%emt 0:00:20]} 53. Nxb4 $11 {[%emt 0:00:28]} Bc8 {[%emt 0:02:09]} 54. Kf3 {[%emt 0:02:38]} Bb7+ {[%emt 0:02:01]} 55. e4 {[%emt 0:00:04]} Kc5 {[%emt 0:00:23]} 56. Nd5 {[%emt 0:00:20]} Bxd5 {[%emt 0:00:26]} 1/2-1/2

[Event "33rd ECCC Open 2017"]
[Site "Antalya"]
[Date "2017.10.12"]
[Round "5"]
[White "Budima, Armend"]
[Black "Costachi, Mihnea"]
[Result "0-1"]
[WhiteElo "2226"]
[BlackElo "2425"]
[Annotator "TA"]
[PlyCount "110"]
[EventType "team-tourn"]
[EventCountry "TUR"]
[SourceTitle "playchess.com"]
[Source "ChessBase"]
[SourceQuality "1"]
[WhiteTeam "Dardania"]
[BlackTeam "Adare"]

{[%evp 10,110,20,8,35,27,29,0,21,16,16,14,16,14,14,10,11,12,25,27,40,48,50,39,49,13,12,17,37,12,25,27,35,0,7,0,0,-11,0,-133,0,0,0,-11,-11,-11,-16,-11,-8,-18,0,-6,0,-8,-6,-8,-6,-27,-31,-80,-87,-93,-18,-93,-41,-822,-780,-749,-700,-1256,-1285,-1121,-1139,-1132,-1071,-902,-916,-916,-854,-29948,-29949,-29948,-29947,-29949,-29949,-29957,-29954,-29945,-650,-29960,-29963,-29962,-650,-29963,-29962,-29961,-29962,-29964,-29963,-12830,-6087,-5093,-1995]} 1. e4 e5 2. Nf3 Nc6 3. Bc4 Bc5 4. O-O d6 5. c3 Nf6 6. d3 a5 {C54: Giuoco Piano: 4 c3 Nf6, main lines with 5 d4 and 5 d3} (6... O-O 7. Re1 a5 8. Nbd2 Be6 9. Bb5 Qb8 10. Nf1 Qa7 11. Be3 Bxe3 12. Nxe3 Ne7 13. a4 Ng6 14. Bc4 Bxc4 15. Nxc4 {½-½ (47) So,W (2810)-Ding,L (2777) Tbilisi 2017}) 7. Bg5 h6 8. Be3 (8. Bh4 {feels hotter.} O-O 9. Nbd2 g5 10. Bg3 Qe7 11. a4) 8... Ba7 $146 {The position is equal.} ({Predecessor:} 8... Bxe3 9. fxe3 Be6 10. Bxe6 fxe6 11. Nh4 Ne7 12. Qb3 Qd7 13. Nd2 a4 {0-1 (30) Solf,F-Schmidt,P Germany 1995}) 9. Bxa7 Rxa7 10. Nbd2 {[%cal Bb1d2,Bd2f1,Bf1e3][%mdl 32]} O-O 11. Re1 Ne7 12. d4 Ng6 13. a4 Nh7 14. Nf1 Qf6 15. Ne3 c6 16. Bf1 Ra8 17. dxe5 dxe5 18. Qc2 Be6 19. Rad1 Ng5 20. Nxg5 Qxg5 21. Nf5 Rfd8 22. Rxd8+ Rxd8 23. Re3 Rd7 24. h4 (24. g3 $11) 24... Qd8 ({Black should try} 24... Nxh4 $17 {Hoping for ...Rd2!} 25. Nxh4 (25. Rg3 Qf4 $17) 25... Qxh4) 25. g3 $11 Ne7 26. Nxe7+ Qxe7 27. Rd3 Rxd3 28. Bxd3 Qc5 29. Be2 b5 30. axb5 cxb5 31. Qd3 b4 32. cxb4 Qxb4 33. Qb1 Qd2 $36 {[%mdl 2048] Black has some pressure.} 34. Bf1 Kh7 35. Qa1 Bg4 (35... Bb3 $17) 36. Bg2 (36. Kg2 $11) 36... Be2 (36... Bd1 $17) 37. b3 $2 {[%mdl 8192] [#]} (37. Bf1 $15) 37... Qd1+ $19 38. Qxd1 Bxd1 {[%mdl 4096] Endgame KB-KB} 39. Kf1 Bxb3 40. Ke1 a4 {[%cal Ba5a4,Ba4a3][%mdl 32]} 41. Kd2 a3 42. Kc3 a2 43. Kb2 g5 44. hxg5 hxg5 45. Bh3 Kg7 46. Bd7 Kf6 47. Bc6 Ke6 48. Bb7 Kd6 (48... Bc4 $142 49. Ba8 Kd6 50. g4 Kc5 51. Ka1 Be6 52. Bb7 Kd4 53. Kb2 f6 54. Ka1 Bxg4 55. Kxa2 Kd3 56. Ba6+ Kxe4 57. Bb7+ Kd4 58. Kb2 e4 59. Kc1 e3 60. f3 Be6 61. Ba6 Bd5 62. Be2 Bc4 63. Bxc4 Kxc4 64. Kc2 f5 65. Kc1 Kd3 66. Kd1 e2+ 67. Ke1 f4 68. Kf2 Kd2 69. Kg1 e1=Q+ 70. Kh2 Ke2 71. Kg2 Qh4 72. Kg1 Kxf3 73. Kf1 Qh1#) 49. Ba8 Kc5 50. Bb7 f6 (50... Kd4 $142 51. g4 Be6 52. Ka1 Bxg4 53. Kxa2 Bf3 54. Kb2 Bxe4 55. Ba6 Bd3 56. Bc8 e4 57. Kc1 e3 58. fxe3+ Kxe3 59. Bd7 f5 60. Bc8 g4 61. Bb7 f4 62. Kb2 f3 63. Bd5 f2 64. Bg2 f1=Q 65. Bxf1 Bxf1 66. Kb3 Kd4 67. Ka4 g3 68. Ka5 g2 69. Kb6 g1=Q 70. Kc7 Kd5 71. Kc8 Qg7 72. Kb8 Kc6 73. Kc8 Qh8#) 51. Ba8 Kd4 52. Bb7 Bc4 53. Bc6 Kd3 54. Bd5 Ba6 55. Kxa2 Ke2 {Precision: White = 35%, Black = 59%.} 0-1

[Event "33rd ECCC Open 2017"]
[Site "Antalya"]
[Date "2017.10.12"]
[Round "5"]
[White "Bednarich, Jan"]
[Black "Gantner, Matthias"]
[Result "0-1"]
[WhiteElo "2224"]
[BlackElo "2324"]
[Annotator "NA"]
[PlyCount "70"]
[EventType "team-tourn"]
[EventCountry "TUR"]
[SourceTitle "playchess.com"]
[Source "ChessBase"]
[SourceQuality "1"]
[WhiteTeam "Bonnevoie"]
[BlackTeam "White Rose"]
[TimeControl "40/5400+30:1800+30"]

1. e4 {[%emt 0:00:30]} c5 {[%emt 0:01:00]} 2. Nf3 {[%emt 0:00:30]} d6 {[%emt 0:00:30]} 3. Bb5+ {[%emt 0:02:30]} Bd7 {[%emt 0:00:30]} 4. Bxd7+ {[%emt 0:01:30]} Qxd7 {[%emt 0:00:30]} 5. O-O {[%emt 0:00:00]} Nc6 {[%emt 0:01:30]} 6. Re1 {[%emt 0:00:00]} Nf6 {[%emt 0:02:30]} 7. c3 {[%emt 0:00:30]} e6 {[%emt 0:05:30]} 8. d4 {[%emt 0:00:00]} d5 {[%emt 0:06:30]} 9. e5 {[%emt 0:02:00]} Ne4 {[%emt 0:04:30]} 10. Nbd2 {[%emt 0:00:00]} Nxd2 {[%emt 0:00:30]} 11. Bxd2 {[%emt 0:00:00]} cxd4 {[%emt 0:01:30]} 12. cxd4 {[%emt 0:00:00]} Be7 {[%emt 0:00:30]} 13. Re3 {[%emt 0:01:00] B52: Sizilianisch (Rossolimo-Variante)} (13. h4 Rc8 14. h5 h6 15. Re3 O-O 16. Qe2 Qc7 17. Bc3 Bb4 18. Nh2 Bxc3 19. bxc3 Ne7 20. g4 Qa5 {½-½ (31) Bartel,M (2646)-Dragun,K (2609) Trzcianka 2016}) 13... O-O {[%emt 0:09:30]} 14. Rd3 {[%emt 0:01:30]} Rac8 {[%emt 0:13:30]} 15. Ng5 {[%emt 0:03:30]} f6 $146 {[%emt 0:05:30]} ({Vorgänger:} 15... h6 16. Nh3 f6 17. exf6 Bxf6 18. Qg4 Kh7 19. Re1 Rce8 20. Bc3 Qf7 {½-½ (35) Lukovic,V (1898)-Andersen,M (2070) Sibenik 2007}) 16. exf6 {[%emt 0:08:30]} Bxf6 {[%emt 0:00:30]} 17. Nf3 {[%emt 0:15:30]} g6 {[%emt 0:09:30]} 18. Qe2 {[%emt 0:05:30]} Bg7 {[%emt 0:03:30]} 19. Bc3 {[%emt 0:09:30]} Nd8 {[%emt 0:07:30]} 20. Re1 {[%emt 0:00:30]} Qa4 {[%emt 0:05:30]} 21. a3 {[%emt 0:01:30]} Rc6 $14 {[%emt 0:01:55]} 22. Bb4 {[%emt 0:09:30]} Rf4 {[%emt 0:03:41]} 23. Re3 {[%emt 0:19:22]} Qc2 {[%emt 0:06:39]} 24. g3 {[%emt 0:05:16]} Rf5 {[%emt 0:02:36]} 25. Be7 {[%emt 0:02:49]} Qxe2 {[%emt 0:00:30]} 26. R1xe2 {[%emt 0:00:00]} Rc1+ {[%emt 0:00:09]} 27. Kg2 {[%emt 0:00:00]} Nc6 {[%emt 0:00:00]} 28. Bc5 {[%emt 0:02:47]} e5 {[%emt 0:02:37]} 29. g4 {[%emt 0:01:07]} Rf7 {[%emt 0:01:44]} 30. Bd6 {[%emt 0:00:38]} Rxf3 {[%emt 0:01:31]} 31. Rxf3 {[%emt 0:03:01]} Nxd4 {[%emt 0:00:04]} 32. Rd2 {[%emt 0:04:06]} Rg1+ {[%emt 0:00:25]} 33. Kh3 {[%emt 0:00:58]} Nxf3 {[%emt 0:00:30]} 34. Rxd5 {[%emt 0:00:00]} h5 {[%emt 0:00:28]} 35. gxh5 {[%emt 0:00:21]} g5 {[%emt 0:00:05]} 0-1